Logo BPK

Biblioteka

Politechniki Koszalińskiej

Sztuka wyboru akcji : (Rekord nr 32134)

Szczegóły MARC
000 -ETYKIETA REKORDU
podpole kontrolne o stałej długości 01062nam a2200313 i 4500
001 - NUMER KONTROLNY REKORDU
pole kontrolne bg
020 ## - MIĘDZYNARODOWY ZNORMALIZOWANY NUMER KSIĄŻKI - ISBN
ISBN 8390640937
020 ## - MIĘDZYNARODOWY ZNORMALIZOWANY NUMER KSIĄŻKI - ISBN
ISBN 0273605283 (oryg)
040 ## - ŹRÓDŁO KATALOGOWANIA
Instytucja, która utworzyła rekord BPK
041 1# - KOD JĘZYKA
Kod języka tekstu pol
Kod języka oryginału eng
080 ## - UNIWERSALNA KLASYFIKACJA DZIESIĘTNA - UKD
UKD 336.76
920 ## - Międzynarodowy znormalizowany numer książki – ISBN
ISBN 83-906409-3-7
920 ## - Międzynarodowy znormalizowany numer książki – ISBN
ISBN 0-273-60528-3 (oryg)
008 - POLE O STAŁEJ DŁUGOŚCI - DANE KONTROLNE
podpole kontrolne o stałej długości 971120s1996 pl |000 0 pol
100 1# - NAZWA OSOBOWA
Nazwa osobowa Koch, Richard.
245 10 - TYTUŁ/ODPOWIEDZIALNOŚĆ
Tytuł Sztuka wyboru akcji :
Ciąg dalszy tytułu dziesięć skutecznych sposobów /
Pozostałe elementy strefy tytułu i oznaczenia odpowiedzialności Richard Koch ; [tł. z ang. Piotr Grauer, Jakub Kluziński].
246 ## - WARIANT TYTUŁU
Treść wyrażenia wprowadzającego Tyt. oryg.:
Tytuł Selecting shares that perform
260 ## - STREFA ADRESU WYDAWNICZEGO
Miejsce wydania Warszawa :
Nazwa wydawcy/dystrybutora LIBER,
Data publikacji, dystrybucji/powstania dokumentu 1996.
300 ## - STREFA OPISU FIZYCZNEGO
Objętość 214 s. :
Inne cechy fizyczne wykr. ;
Rozmiary 24 cm.
490 1# - STREFA SERII I DOKUMENTU WIELOCZĘŚCIOWEGO - FORMA NIE DO WYSZUKIWANIA
Tytuł i oznaczenie odpowiedzialności serii Inwestowanie. Z Biblioteki Parkietu
500 ## - UWAGI OGÓLNE
Tekst uwagi Tyt. okł.: " Sztuka wyboru akcji : 10 skutecznych sposobów : przewodnik inwestora".
500 ## - UWAGI OGÓLNE
Tekst uwagi Oryg.: "Selecting shares that perform" 1994.
650 #9 - HASŁO PRZEDMIOTOWE W FORMIE NAZWY OGÓLNEJ LUB JEDNOSTKOWEJ
Nazwa ogólna lub geograficzna Giełda papierów wartościowych
650 #9 - HASŁO PRZEDMIOTOWE W FORMIE NAZWY OGÓLNEJ LUB JEDNOSTKOWEJ
Nazwa ogólna lub geograficzna Papiery wartościowe
650 #9 - HASŁO PRZEDMIOTOWE W FORMIE NAZWY OGÓLNEJ LUB JEDNOSTKOWEJ
Nazwa ogólna lub geograficzna Rynek kapitałowy
655 ## - TERMIN INDEKSOWY - OKREŚLENIE RODZAJU/FORMY DOKUMENTU
Określenie rodzaju/formy dokumentu Poradniki
830 #0 - HASŁO DODATKOWE SERII LUB DOKUMENTU WIELOCZĘŚCIOWEGO - TYTUŁ UJEDNOLICONY
Tytuł ujednolicony Inwestowanie.
Nazwa części/sekcji dzieła Z Biblioteki Parkietu
856 ## - LOKALIZACJA I DOSTĘP DO ELEKTRONICZNYCH DOKUMENTÓW ZDALNYCH
Link (URL) http://koha.tu.koszalin.pl/cgi-bin/koha/opac-detail.pl?biblionumber=32134
Tekst linku Katalog online BPK
942 ## - DODATKOWE ELEMENTY (KOHA)
Typ dokumentu Książka
Egzemplarze
Wycofany Status egzemplarza Uszkodzony Dostępność Lokalizacja stała Lokalizacja bieżąca Miejsce przechowywania Sygnatura Kod kreskowy Dział Typ dokumentu
      Tylko na miejscu Biblioteka Politechniki Koszalińskiej Biblioteka Politechniki Koszalińskiej Czytelnia BG 40336 01251050 336.7 Pieniądz. Bankowość. Giełdy Książka
© 2023 Biblioteka Politechniki Koszalińskiej :: KOHA